00684nam a22002177a 4500003000500000005001700005008004100022010001000063011001000073035001000083040000900093100002200102245012500124260008200249300001900331490002000350650002700370650002300397650002600420830002000446CHAP20220329134512.0971013s1981 us a r 00010 eng d a21270 a22242 a26336 cCHAP00aDowell. Robert V.1 aBiology, plant-insect relacions and control of the citrus blackfly, Aleutocanthus woglumi Ashby (Homoptera: Alsyrodidae) aGainesville :bUniversity of Florida, Agricultural Experiment Stations,c1981 a48 p.b: ilus. aBulletinv; 81814aAleurocanthus woglumi.14aControl de plagas.14aInsectosxBiología.0 aBulletinv; 818